| 000 | 00505nam a22001575i 4500 | ||
|---|---|---|---|
| 001 | 54436 | ||
| 003 | ES-MaACL | ||
| 007 | t| | ||
| 008 | 960723s1877 it ||||1| ita d | ||
| 040 |
_aCAM _bspa _cCAM |
||
| 100 | 1 |
_aFoscolo, Ugo. _951891 |
|
| 245 | 1 | 0 |
_aUltime lettere di Jacopo Ortis e discorso sul testo della Comedia di Dante / _cdi Ugo Foscolo; con prefazione [di Francesco Costero]. |
| 260 |
_aMilano : _bEdoardo Sonzogno, _c1877. |
||
| 300 |
_a387 p. ; _c18 cm. |
||
| 852 |
_aES-MaACL _jG-10425(2) |
||
| 999 |
_c54436 _d54436 |
||